| 000 | 00700nam a2200217 a 4500 | ||
|---|---|---|---|
| 001 | 000048760 | ||
| 005 | 20201002061403.0 | ||
| 008 | 190411s2016 dr a 000 j spa d | ||
| 020 | _a9789945896930 | ||
| 040 |
_aDO-SdBNP _bspa _cBNPHU |
||
| 082 |
_axxxx _bxxxx |
||
| 100 | 1 |
_aAristy, Maureen _976219 |
|
| 245 | 1 | 3 |
_aLa flor violeta / _cMaureen Aristy ; ilustración Anulfo Alcántara Aquino. |
| 260 |
_aSanto Domingo, : _bSpirole agencia creativa, _c2016. |
||
| 300 |
_a25 p. : _bil. ; _c21 cm. |
||
| 490 | 1 | _aFabulosas historias ; | |
| 521 | 1 | _aA partir de 6 años. | |
| 590 | _aInventariado, 2019/ YL | ||
| 700 | 1 | 2 |
_aAlcántara Aquino, Anulfo _eil. _976134 |
| 830 | 0 |
_aFabulosas historias _976218 |
|
| 999 |
_c48248 _d48248 |
||